Biblioteca

El crisol de la familia / A. Napier, C. A. Whitaker ; Leandro Wolfson, Traductor (Registro nro. 32592)

Detalles MARC
000 -LÍDER
Campo fijo de descripción fija 011050000a22002170004500
020 ## - NÚMERO INTERNACIONAL NORMALIZADO PARA LIBROS
Número Internacional Normalizado del libro 950-018-488-5
041 0# - CÓDIGO DE IDIOMA
Código de idioma para texto/pista de sonido o título separado
082 04 - NÚMERO DE CLASIFICACIÓN DECIMAL DEWEY
Número de clasificación G 173 N196c
001 - NÚMERO DE CONTROL
Campo de control 1269
100 1# - ASIENTO PRINCIPAL--NOMBRE PERSONAL
Nombre personal Napier, Augustus Y.
245 10 - TÍTULO
Título del Material El crisol de la familia / A. Napier, C. A. Whitaker ; Leandro Wolfson, Traductor
260 ## - PUBLICACIÓN, DISTRIBUCIÓN, ETC. (PIE DE IMPRENTA)
Lugar de publicación, distribución, etc. Buenos Aires, Argentina : Amorrortu
300 ## - DESCRIPCIÓN FÍSICA
Extensión 312 Pag.
336 ## - CONTENT TYPE
Content type term texto
Content type code txt
Source rdacontent
337 ## - MEDIA TYPE
Source rdamedia
Media type term sin mediación
Media type code n
338 ## - CARRIER TYPE
Source rdacarrier
Carrier type term volumen
Carrier type code nc
500 ## - NOTA GENERAL
Nota General Título original : The family crucible
505 00 - NOTA DE CONTENIDO
Nota de contenido con formato preestablecido palabras preliminares -- la cuestión de la estructura -- un comienzo -- orígenes -- el concepto de sistemas -- iniciativa -- el conflicto básico -- el espectro de la abuela -- hacia el matrimonio -- una resolución parcial -- la tensión se afloja -- la crisis subyacente -- retorno -- odio -- el momento terapéutico-- el curso seguido por el enfrentamiento -- Carolyn -- la terrible opción -- David -- David: su familia de origen -- terminación de la terapia -- foro
650 14 - ASIENTO SECUNDARIO DE MATERIA - TERMINO TEMÁTICO
Término temático o nombre geográfico como elemento de entrada PSICOTERAPIA FAMILIAR - ESTUDIO DE CASOS
942 ## - TIPO DE MATERIAL (KOHA)
Tipo de Item KOHA Libros General
Existencias
Estado de Material Estado de Perdido Estado de Dañado No para Préstamo Colección Tomo Biblioteca de Origen Biblioteca Permanente Fecha de Adquisición Total de Préstamos Signatura Topográfica Código de Barras Última vez visto Ejemplar/Existencia Fecha de Remplazo Tipo de Material
        Colección General   Biblioteca FUSBC Biblioteca FUSBC 12/10/2004   G 173 N196c 710 12/12/2019 1 26/01/2016 Libros General

Biblioteca FUSBC | Teléfono: (57+4) 349 88 10 Ext. 141| WhatsApp (+57) 3005338115 
E-mail: biblioteca@unisbc.edu.co | Calle 76 87-14 Robledo Palenque, Medellín, Colombia

Con tecnología Koha